Helping your aging parents : a practical guide for adult children /

Bibliographic Details
Main Author: Halpern, James, Ph.D
Format: Book
Language:English
Published: New York : McGraw-Hill, [1987]
Subjects:

MARC

Tag First Indicator Second Indicator Subfields
LEADER 00000cam a2200000 a 4500
001 in00000017198
005 20160106094638.0
008 870206s1987 nyu b 00110 eng
010 |a  87005272  
020 |a 0070255865 
035 |a (OCoLC)15221510 
035 |9 AAB1555AM 
040 |a DLC  |c DLC  |d VET  |d OCL  |d TXA  |d UtOrBLW 
043 |a n-us--- 
049 |a TXAM  |c [A11469183] 
050 0 0 |a HQ1063.6  |b .H35 1987 
070 0 |a HQ1063.6.H35  |b 1987 
082 0 |a 646.7/8  |2 19 
100 1 |a Halpern, James,  |c Ph.D. 
245 1 0 |a Helping your aging parents :  |b a practical guide for adult children /  |c James Halpern. 
264 1 |a New York :  |b McGraw-Hill,  |c [1987] 
264 4 |c ©1987 
300 |a 287 pages ;  |c 24 cm. 
336 |a text  |b txt  |2 rdacontent 
337 |a unmediated  |b n  |2 rdamedia 
338 |a volume  |b nc  |2 rdacarrier 
504 |a Bibliography: pages 269-278. 
500 |a Includes index. 
650 0 |a Aging parents  |x Care  |z United States. 
650 0 |a Aging parents  |z United States  |x Family relationships. 
650 0 |a Adult children  |z United States. 
999 |a MARS 
999 f f |s 20f2f924-1a91-3f06-8511-830ac8f9493a  |i 5474b300-805b-3b70-8698-f77cc4e12d37  |t 0 
952 f f |p ric  |a Texas A&M University  |b Rellis Campus  |c Joint Library Facility  |d Remote Storage  |t 0  |e HQ1063.6 .H35 1987  |h Library of Congress classification  |i unmediated -- volume  |m A14811469183 
998 f f |a HQ1063.6 .H35 1987  |t 0  |l Remote Storage